Normal view
MARC view
- Xin, Lekai.
Entry Personal Name
001 - CONTROL NUMBER
- control field: 55258
003 - CONTROL NUMBER IDENTIFIER
- control field: OSt
005 - DATE AND TIME OF LATEST TRANSACTION
- control field: 20240325093227.0
008 - FIXED-LENGTH DATA ELEMENTS
- fixed length control field: 240325|| aca||aabn | a|a d
040 ## - CATALOGING SOURCE
- Original cataloging agency: OSt
- Transcribing agency: OSt
100 ## - HEADING--PERSONAL NAME
- Personal name: Xin, Lekai.
- Relator term: author.
670 ## - SOURCE DATA FOUND
- Source citation: Work cat.: (OSt): Wang, Can. author. 55256, Design of full-order state observer for two-mass joint servo system based on the fixed gain filter /, September 2022.
